[Event "DEM U16 2004"]
[Site "Willingen GER"]
[Date "2004.06.01"]
[Round "4"]
[White "Kesten, Sebastian"]
[Black "Denker, Stephan"]
[Result "1-0"]
[Termination "normal"]
[Board "13"]
[WhiteElo "1835"]
[BlackElo "1920"]
[PlyCount "57"]
[WhiteFideId "24616214"]
[BlackFideId "24605565"]
[EventCountry "GER"]
[EventRounds "9"]
[EventType "swiss"]
[EventDate "2004.05.29"]

1. d4 d5 2. c4 Nc6 3. e3 e5 4. cxd5 Qxd5 5. Nc3 Bb4 6. Bd2 Bxc3 7. bxc3 Nf6 8.
Nf3 O-O 9. c4 Qd6 10. d5 Ne7 11. Qb3 a5 12. Bc3 Ng6 13. Be2 Re8 14. O-O Ne4 15.
Bb2 Bg4 16. Ba3 Qf6 17. Qc2 Rad8 18. h3 Bxf3 19. Bxf3 Ng5 20. Bg4 e4 21. Bb2
Qd6 22. Qc3 f6 23. Qxa5 Ne5 24. Ba3 Qa6 25. Qxa6 bxa6 26. Be2 Ngf7 27. Rfd1 Rd7
28. Rd4 f5 29. c5 1-0

[Event "DEM U16 2004"]
[Site "Willingen GER"]
[Date "2004.06.01"]
[Round "4"]
[White "Schäfer, Martin"]
[Black "Rietze, Clemens"]
[Result "1/2-1/2"]
[Termination "normal"]
[Board "14"]
[WhiteElo "1747"]
[BlackElo "1835"]
[PlyCount "79"]
[BlackFideId "24620351"]
[EventCountry "GER"]
[EventRounds "9"]
[EventType "swiss"]
[EventDate "2004.05.29"]

1. d4 c6 2. e4 d5 3. exd5 cxd5 4. c4 Nf6 5. Nc3 g6 6. Qb3 Bg7 7. cxd5 O-O 8.
Nf3 Nbd7 9. Bd3 Nb6 10. O-O Nbxd5 11. Bd2 b6 12. Nxd5 Nxd5 13. Rac1 Bb7 14. Ne5
e6 15. Rfe1 Qe7 16. Qa4 Rfd8 17. Ba6 Rac8 18. Bxb7 Qxb7 19. Rxc8 Rxc8 20. Rc1
Rxc1+ 21. Bxc1 b5 22. Qa5 Qc7 23. Qxc7 Nxc7 24. Nc6 a6 25. Bf4 Nd5 26. Be5 f6
27. Bd6 Bf8 28. Bxf8 Kxf8 29. a3 Ke8 30. Nb4 Nxb4 31. axb4 Kd7 32. Kf1 Kd6 33.
Ke2 Kd5 34. Kd3 g5 35. f3 h6 36. g4 f5 37. h3 fxg4 38. hxg4 e5 39. dxe5 Kxe5
40. Ke3 1/2-1/2

[Event "DEM U16 2004"]
[Site "Willingen GER"]
[Date "2004.06.01"]
[Round "5"]
[White "Hauser, Carlos"]
[Black "Bäumler, Ilja"]
[Result "1-0"]
[Termination "normal"]
[Board "2"]
[WhiteElo "2025"]
[BlackElo "2163"]
[PlyCount "81"]
[WhiteFideId "24608238"]
[BlackFideId "4681070"]
[EventCountry "GER"]
[EventRounds "9"]
[EventType "swiss"]
[EventDate "2004.05.29"]

1. d4 Nf6 2. c4 g6 3. Nc3 Bg7 4. e4 d6 5. Nf3 O-O 6. Be2 e5 7. O-O Nc6 8. d5
Ne7 9. b4 a5 10. bxa5 Rxa5 11. a4 Nh5 12. Re1 Nf4 13. Bf1 Bg4 14. h3 Bd7 15.
Ra3 f5 16. Bxf4 exf4 17. e5 dxe5 18. Nxe5 Be8 19. Nb5 Kh8 20. Rd3 Bxb5 21. axb5
b6 22. d6 Bxe5 23. Rxe5 Ng8 24. d7 Nf6 25. Qe1 Ne4 26. f3 Nf6 27. Re7 Ne4 28.
Re8 Rxe8 29. dxe8=Q+ Qxe8 30. fxe4 fxe4 31. Rd4 e3 32. Rxf4 Qe5 33. Rf3 Ra3 34.
Qb4 Qc5 35. Qxc5 bxc5 36. Kh2 Kg7 37. Kg3 g5 38. h4 Kg6 39. hxg5 Kxg5 40. Be2
c6 41. bxc6 1-0

[Event "DEM U16 2004"]
[Site "Willingen GER"]
[Date "2004.06.01"]
[Round "5"]
[White "Abel, Dennes"]
[Black "Figura, Atila Gajo"]
[Result "0-1"]
[Termination "normal"]
[Board "3"]
[WhiteElo "2143"]
[BlackElo "2154"]
[PlyCount "70"]
[WhiteFideId "24605417"]
[BlackFideId "4688058"]
[EventCountry "GER"]
[EventRounds "9"]
[EventType "swiss"]
[EventDate "2004.05.29"]

1. Nf3 Nf6 2. c4 g6 3. b3 Bg7 4. Bb2 O-O 5. g3 d6 6. d4 Nbd7 7. Bg2 e5 8. dxe5
dxe5 9. O-O e4 10. Ne1 Re8 11. Nc3 e3 12. f4 h5 13. Nf3 c6 14. f5 Nf8 15. fxg6
fxg6 16. Qxd8 Rxd8 17. Rad1 Re8 18. Nd4 Bd7 19. h3 Rad8 20. Ba1 N8h7 21. Kh2
Ng5 22. Nf3 Nxf3+ 23. Bxf3 Bf5 24. Rxd8 Rxd8 25. Rd1 Rd2 26. Rxd2 exd2 27. Nd1
Bc2 28. e3 Bxd1 29. Bxd1 Ne4 30. Bxg7 Kxg7 31. Kg2 Nc3 32. Bc2 d1=Q 33. Bxd1
Nxd1 34. Kf3 Nc3 35. a4 Kf6 0-1

[Event "DEM U16 2004"]
[Site "Willingen GER"]
[Date "2004.06.01"]
[Round "5"]
[White "Feuerstack, Aljoscha"]
[Black "Zebisch, Paul"]
[Result "1/2-1/2"]
[Termination "normal"]
[Board "4"]
[WhiteElo "2279"]
[BlackElo "1987"]
[PlyCount "68"]
[WhiteFideId "4681932"]
[BlackFideId "24601535"]
[EventCountry "GER"]
[EventRounds "9"]
[EventType "swiss"]
[EventDate "2004.05.29"]

1. e4 e5 2. Bc4 Nf6 3. d3 Nc6 4. Nc3 Be7 5. f4 d6 6. f5 Na5 7. Qf3 Nxc4 8. dxc4
b6 9. Nge2 Bb7 10. Be3 Qd7 11. b3 O-O-O 12. a4 g6 13. Ng3 h5 14. h4 Rdg8 15.
Bg5 Nh7 16. f6 Bd8 17. a5 Qe6 18. axb6 axb6 19. O-O-O Nxg5 20. hxg5 h4 21. Nge2
Rh5 22. g4 Rxg5 23. Rxh4 Qxf6 24. Qh3 Rf5 25. Rh7 Rf3 26. Qh1 Qg5+ 27. Kb2 Rf6
28. Rf1 Rxf1 29. Qxf1 f6 30. Qh3 Kb8 31. Rf7 Bc8 32. Qh7 Re8 33. Nb5 Qxg4 34.
Rxc7 Qe6 1/2-1/2

[Event "DEM U16 2004"]
[Site "Willingen GER"]
[Date "2004.06.01"]
[Round "5"]
[White "Siebarth, Raiko"]
[Black "Behm, Simon"]
[Result "1-0"]
[Termination "normal"]
[Board "5"]
[WhiteElo "2123"]
[BlackElo "2071"]
[PlyCount "61"]
[WhiteFideId "4674766"]
[BlackFideId "4691962"]
[EventCountry "GER"]
[EventRounds "9"]
[EventType "swiss"]
[EventDate "2004.05.29"]

1. e4 c5 2. Nf3 Nc6 3. d4 cxd4 4. Nxd4 Nf6 5. Nc3 e5 6. Ndb5 d6 7. Bg5 a6 8.
Na3 b5 9. Nd5 Be7 10. Bxf6 Bxf6 11. c3 O-O 12. Nc2 Bg5 13. a4 bxa4 14. Rxa4 a5
15. Bb5 Bb7 16. Nce3 Bxe3 17. fxe3 Ne7 18. Nxe7+ Qxe7 19. O-O Kh8 20. Qg4 Qc7
21. Bd3 Bc8 22. Qe2 Be6 23. Rfa1 Bb3 24. R4a3 a4 25. Bb5 Qa5 26. Rxb3 axb3 27.
Rxa5 Rxa5 28. Qc4 Ra1+ 29. Kf2 f5 30. exf5 Rxf5+ 31. Kg3 1-0

[Event "DEM U16 2004"]
[Site "Willingen GER"]
[Date "2004.06.01"]
[Round "5"]
[White "Bubolz, Konstantin"]
[Black "Brener, Ilja"]
[Result "0-1"]
[Termination "normal"]
[Board "7"]
[WhiteElo "2015"]
[BlackElo "2263"]
[PlyCount "90"]
[WhiteFideId "24610194"]
[BlackFideId "4688201"]
[EventCountry "GER"]
[EventRounds "9"]
[EventType "swiss"]
[EventDate "2004.05.29"]

1. d4 Nf6 2. c4 e6 3. Nc3 Bb4 4. Qc2 O-O 5. e4 d5 6. e5 Ne4 7. Bd3 c5 8. Nge2
cxd4 9. a3 dxc3 10. axb4 cxb2 11. Bxb2 Nc6 12. Bxe4 dxe4 13. Qxe4 Nxb4 14. Ra3
Qg5 15. Rg3 Qf5 16. Qxf5 exf5 17. Nf4 Be6 18. O-O Rfc8 19. Rd1 Rd8 20. Rd6 Kf8
21. h4 Bxc4 22. Ba3 a5 23. Rb6 Rd4 24. Rf3 Rb8 25. g3 g6 26. Re3 Kg8 27. Bxb4
axb4 28. Rxb4 b5 29. Ne2 Rd3 30. Rxd3 Bxd3 31. Nd4 Kf8 32. f4 Ke8 33. Kf2 Kd7
34. Ke3 Bc4 35. h5 Kc7 36. Nf3 Kb6 37. Ng5 Kc5 38. Rb2 b4 39. Nxh7 b3 40. hxg6
fxg6 41. Ng5 Kb4 42. Nf3 Kc3 43. Rb1 b2 44. Nd2 Ba2 45. Re1 Rd8 0-1

[Event "DEM U16 2004"]
[Site "Willingen GER"]
[Date "2004.06.01"]
[Round "5"]
[White "Lieder, Konrad"]
[Black "Krug, Kevin"]
[Result "1-0"]
[Termination "normal"]
[Board "8"]
[WhiteElo "2087"]
[BlackElo "2066"]
[PlyCount "93"]
[WhiteFideId "4692721"]
[BlackFideId "24609110"]
[EventCountry "GER"]
[EventRounds "9"]
[EventType "swiss"]
[EventDate "2004.05.29"]

1. d4 Nf6 2. Nf3 c5 3. d5 d6 4. c4 e5 5. Nc3 Be7 6. e4 O-O 7. Be2 Ne8 8. h4 Na6
9. Qc2 Nac7 10. Bg5 a6 11. a4 Rb8 12. a5 b6 13. axb6 Rxb6 14. Bd3 Bg4 15. Bxe7
Qxe7 16. Nd2 Nf6 17. g3 Nh5 18. Nd1 g6 19. Ne3 Bd7 20. b3 f5 21. exf5 e4 22.
Be2 Qe5 23. O-O-O Nf6 24. fxg6 hxg6 25. Qb2 Qe7 26. h5 gxh5 27. Bxh5 a5 28. Bg6
a4 29. Rh6 Qe5 30. Rdh1 Qxb2+ 31. Kxb2 Kg7 32. Nf5+ Bxf5 33. Bxf5 Ra8 34. Rg6+
Kf7 35. Ra1 Rb4 36. g4 Nce8 37. g5 Ng4 38. Rh1 Ne5 39. Rh7+ Kf8 40. Rh8+ Kf7
41. Rgh6 Ra6 42. Be6+ Ke7 43. Bc8 Ra5 44. Re6+ Kf7 45. Rexe8 axb3 46. Be6+ Kg6
47. Reg8# 1-0

[Event "DEM U16 2004"]
[Site "Willingen GER"]
[Date "2004.06.01"]
[Round "5"]
[White "Lutz, Dieter"]
[Black "Kaufmann, Benjamin"]
[Result "1-0"]
[Termination "normal"]
[Board "9"]
[WhiteElo "2153"]
[BlackElo "1750"]
[PlyCount "85"]
[WhiteFideId "4667565"]
[BlackFideId "24613525"]
[EventCountry "GER"]
[EventRounds "9"]
[EventType "swiss"]
[EventDate "2004.05.29"]

1. e4 e5 2. Nf3 Nc6 3. Bb5 Nf6 4. O-O d6 5. Re1 Bd7 6. c3 Be7 7. h3 O-O 8. d4
h6 9. Nbd2 Nxd4 10. cxd4 Bxb5 11. dxe5 dxe5 12. Nxe5 Bd6 13. Nef3 Be7 14. Qb3
Bc6 15. Ne5 Qe8 16. Nxc6 Qxc6 17. Qc4 Qxc4 18. Nxc4 Bb4 19. Bd2 Bxd2 20. Nxd2
Rad8 21. Nf1 Rd4 22. f3 Rfd8 23. Rac1 c6 24. Ne3 Kf8 25. Red1 Rxd1+ 26. Rxd1
Rxd1+ 27. Nxd1 Nd7 28. Kf2 Ke7 29. Ke3 Ke6 30. f4 c5 31. Nc3 a6 32. Nd5 Kd6 33.
Nc3 Ke6 34. e5 Nb6 35. Ke4 g6 36. g4 Nc4 37. f5+ Kd7 38. b3 Nb6 39. Nd5 Nxd5
40. Kxd5 b6 41. fxg6 fxg6 42. e6+ Ke7 43. Kc6 1-0

[Event "DEM U16 2004"]
[Site "Willingen GER"]
[Date "2004.06.01"]
[Round "5"]
[White "Klaus, Christian"]
[Black "Rehberg, Raphael"]
[Result "1/2-1/2"]
[Termination "normal"]
[Board "10"]
[WhiteElo "2061"]
[BlackElo "2056"]
[PlyCount "93"]
[WhiteFideId "4696395"]
[BlackFideId "4686799"]
[EventCountry "GER"]
[EventRounds "9"]
[EventType "swiss"]
[EventDate "2004.05.29"]

1. e4 c5 2. d3 Nc6 3. g3 g6 4. Bg2 Bg7 5. f4 d6 6. Nf3 e6 7. O-O Nge7 8. c3 O-O
9. Na3 Rb8 10. Nc2 f5 11. Be3 b6 12. Re1 Na5 13. e5 d5 14. Bf2 c4 15. dxc4 Nxc4
16. Rb1 Bd7 17. Bf1 Qc8 18. Nfd4 b5 19. Nb3 a5 20. Be2 Rf7 21. a3 Nc6 22. Nbd4
Nxd4 23. Bxd4 Bf8 24. Ne3 Bc6 25. Qc2 Rc7 26. Bd3 Ba8 27. Qf2 b4 28. axb4 axb4
29. Nxc4 dxc4 30. Bf1 Be4 31. Ra1 bxc3 32. bxc3 Rcb7 33. Re2 Rb3 34. Bg2 Bd3
35. Rd2 Ba3 36. h3 Bb2 37. Ra7 Bxc3 38. Bxc3 Rxc3 39. Qd4 Rc1+ 40. Kh2 Qd8 41.
Rd7 Qb6 42. Qxb6 Rxb6 43. Ra2 Rb8 44. Raa7 Be4 45. Rg7+ Kf8 46. Rgf7+ Kg8 47.
Rg7+ 1/2-1/2

[Event "DEM U16 2004"]
[Site "Willingen GER"]
[Date "2004.06.01"]
[Round "5"]
[White "Elstner, Eik"]
[Black "Kesten, Sebastian"]
[Result "1/2-1/2"]
[Termination "normal"]
[Board "11"]
[WhiteElo "2103"]
[BlackElo "1835"]
[PlyCount "84"]
[WhiteFideId "24605581"]
[BlackFideId "24616214"]
[EventCountry "GER"]
[EventRounds "9"]
[EventType "swiss"]
[EventDate "2004.05.29"]

1. d4 Nf6 2. c4 g6 3. Nc3 Bg7 4. e4 d6 5. Nf3 O-O 6. Be2 Bg4 7. O-O Nfd7 8. Rb1
Nc6 9. d5 Bxf3 10. Bxf3 Nd4 11. Be3 Nxf3+ 12. Qxf3 e5 13. Qe2 f5 14. f3 f4 15.
Bf2 g5 16. b4 b6 17. c5 Rf7 18. cxd6 cxd6 19. Rfc1 Nf6 20. Nb5 a6 21. Na3 b5
22. Rc6 Qd7 23. Rbc1 g4 24. Bb6 gxf3 25. gxf3 Bf8 26. Kh1 Rg7 27. Rc7 Qh3 28.
Rxg7+ Bxg7 29. Qg2 Qxg2+ 30. Kxg2 Ne8 31. Rc6 Kf7 32. Nc2 Ke7 33. Ne1 Kd7 34.
Ba5 Bf6 35. Kh3 Bd8 36. Bxd8 Kxd8 37. Kg4 a5 38. bxa5 Rxa5 39. Rc2 Ra3 40. Rf2
Ke7 41. Kg5 Nf6 42. Ng2 Ra8 1/2-1/2

[Event "DEM U16 2004"]
[Site "Willingen GER"]
[Date "2004.06.01"]
[Round "5"]
[White "Denker, Stephan"]
[Black "Ratkovitch, Dimitri"]
[Result "0-1"]
[Termination "normal"]
[Board "12"]
[WhiteElo "1920"]
[BlackElo "2099"]
[PlyCount "52"]
[WhiteFideId "24605565"]
[BlackFideId "24608050"]
[EventCountry "GER"]
[EventRounds "9"]
[EventType "swiss"]
[EventDate "2004.05.29"]

1. e4 d6 2. Nc3 g6 3. f4 Bg7 4. Nf3 Nf6 5. d4 c5 6. dxc5 Qa5 7. Bd3 Qxc5 8. Qe2
Nc6 9. Be3 Qa5 10. O-O-O O-O 11. f5 Rb8 12. Bd2 a6 13. Kb1 Qc7 14. Bg5 b5 15.
Bxf6 exf6 16. Qf2 Ne7 17. g4 Bb7 18. Nd2 Rfc8 19. Rhf1 b4 20. Ne2 Nc6 21. Nf4
Ne5 22. Qe2 a5 23. h4 a4 24. g5 fxg5 25. hxg5 Nxd3 26. Qxd3 Ba6 0-1

[Event "DEM U16 2004"]
[Site "Willingen GER"]
[Date "2004.06.01"]
[Round "5"]
[White "Rietze, Clemens"]
[Black "Nuber, Korbinian"]
[Result "0-1"]
[Termination "normal"]
[Board "13"]
[WhiteElo "1835"]
[BlackElo "2004"]
[PlyCount "70"]
[WhiteFideId "24620351"]
[BlackFideId "24607231"]
[EventCountry "GER"]
[EventRounds "9"]
[EventType "swiss"]
[EventDate "2004.05.29"]

1. d4 g6 2. c4 Bg7 3. Nc3 d6 4. e4 e5 5. d5 f5 6. exf5 Bxf5 7. Bd3 Nf6 8. Bg5
O-O 9. Nge2 Qd7 10. Ng3 Na6 11. Bxf6 Bxf6 12. Nce4 Be7 13. Qd2 c6 14. h4 Nc5
15. h5 cxd5 16. cxd5 Nxe4 17. Nxe4 Qa4 18. hxg6 Bxg6 19. Nc3 Qg4 20. Bxg6 Qxg6
21. Qh6 Qc2 22. f3 Rf7 23. Qd2 Qg6 24. Ne4 Rc8 25. Rh6 Qg7 26. Rh1 Rf4 27. Kf2
Rcf8 28. Qe3 Qg6 29. Nc3 Bh4+ 30. Kf1 e4 31. Rh3 R8f6 32. Ne2 Rg4 33. Rc1 Rxg2
34. Nf4 Rxf4 35. Qxf4 Rf2+ 0-1

[Event "DEM U16 2004"]
[Site "Willingen GER"]
[Date "2004.06.01"]
[Round "5"]
[White "Strache, Michael"]
[Black "Schäfer, Martin"]
[Result "1/2-1/2"]
[Termination "normal"]
[Board "14"]
[WhiteElo "2031"]
[BlackElo "1747"]
[PlyCount "171"]
[WhiteFideId "4693183"]
[EventCountry "GER"]
[EventRounds "9"]
[EventType "swiss"]
[EventDate "2004.05.29"]

1. e4 e6 2. d4 d5 3. Nc3 dxe4 4. Nxe4 Nd7 5. Nf3 Ngf6 6. Nxf6+ Nxf6 7. Bd3 b6
8. Bg5 Bb7 9. Qe2 Be7 10. O-O-O O-O 11. Rhe1 Bxf3 12. Qxf3 Qd5 13. Qxd5 Nxd5
14. Bd2 Rad8 15. a3 Nf6 16. Bf4 Bd6 17. Bg5 Be7 18. c3 Nd5 19. Bd2 Bf6 20. Bb5
Ne7 21. f3 c6 22. Ba4 Rd5 23. Be3 Nf5 24. Bf4 Ne7 25. Bg3 g6 26. Kb1 Kg7 27. b4
Rc8 28. Bb3 Rd7 29. Bf2 Rcd8 30. Rc1 Nd5 31. g3 h6 32. a4 a6 33. Rc2 Kh7 34.
Kb2 Rc8 35. Ree2 Be7 36. h3 Kg7 37. g4 Nf4 38. Re4 Nxh3 39. Bg3 Bd6 40. Bxd6
Rxd6 41. Rh2 Ng5 42. Re3 Nh7 43. Re1 Nf6 44. Reh1 h5 45. Bd1 hxg4 46. fxg4 g5
47. Rf1 Rf8 48. Be2 b5 49. Ra1 Rh8 50. Rg2 Nd5 51. axb5 cxb5 52. Bf3 Rh3 53.
Bxd5 exd5 54. Rf1 Rc6 55. Rc1 Re6 56. Rcc2 Kg6 57. Rg1 Rhe3 58. Rgg2 Rf3 59.
Rg1 Rf4 60. Rd2 f5 61. gxf5+ Kxf5 62. Rdg2 g4 63. Kc2 Rg6 64. Rg3 Rf3 65. Rxf3+
gxf3 66. Rf1 Kf4 67. Kd2 Rg2+ 68. Kd3 f2 69. Ke2 Kg3 70. Ke3 Rh2 71. Ke2 Rh4
72. Rxf2 Re4+ 73. Kf1 Re3 74. Rf6 Rxc3 75. Rxa6 Kf3 76. Rf6+ Ke3 77. Rb6 Kxd4
78. Rxb5 Rb3 79. Ke1 Ke3 80. Kd1 d4 81. Kc2 Rc3+ 82. Kb2 Rc4 83. Kb3 Kd3 84.
Re5 Rc3+ 85. Kb2 Kd2 86. b5 1/2-1/2

[Event "DEM U16 2004"]
[Site "Willingen GER"]
[Date "2004.06.02"]
[Round "6"]
[White "Armbrust, Florian"]
[Black "Hauser, Carlos"]
[Result "1/2-1/2"]
[Termination "normal"]
[Board "1"]
[WhiteElo "2195"]
[BlackElo "2025"]
[PlyCount "104"]
[WhiteFideId "4691350"]
[BlackFideId "24608238"]
[EventCountry "GER"]
[EventRounds "9"]
[EventType "swiss"]
[EventDate "2004.05.29"]

1. e4 e5 2. f4 Qh4+ 3. g3 Qe7 4. fxe5 d6 5. e6 Bxe6 6. Bg2 Nc6 7. Ne2 Nf6 8.
Nbc3 Bg4 9. h3 Bh5 10. g4 Bg6 11. d3 O-O-O 12. Bg5 h6 13. Bh4 h5 14. Nd5 Qe5
15. d4 Qe8 16. Nxf6 gxf6 17. Nc3 hxg4 18. Bxf6 Be7 19. Qxg4+ Kb8 20. Bxh8 Qxh8
21. O-O-O Bh5 22. Qf5 Bxd1 23. Rxd1 Nxd4 24. Qxf7 Bg5+ 25. Kb1 c6 26. Rf1 Qg8
27. Qf2 Be3 28. Qxe3 Qxg2 29. Rc1 c5 30. Nd5 Re8 31. Qf4 Qg6 32. Rf1 a6 33. Nf6
Rd8 34. Qg4 Qf7 35. c3 Nc6 36. Qf4 Qc4 37. h4 Qd3+ 38. Ka1 Ne5 39. h5 Rf8 40.
h6 Qc2 41. h7 Ka7 42. Qf2 Qd3 43. a3 Qh3 44. Qf5 Ng4 45. Qf3 Qh4 46. Rh1 Qxf6
47. Qxg4 Rh8 48. Qg3 Rxh7 49. Rxh7 Qf1+ 50. Ka2 Qc4+ 51. b3 Qe2+ 52. Ka1 Qd1+
1/2-1/2

[Event "DEM U16 2004"]
[Site "Willingen GER"]
[Date "2004.06.02"]
[Round "6"]
[White "Frübing, Stefan"]
[Black "Figura, Atila Gajo"]
[Result "1-0"]
[Termination "normal"]
[Board "2"]
[WhiteElo "2155"]
[BlackElo "2154"]
[PlyCount "67"]
[WhiteFideId "4682165"]
[BlackFideId "4688058"]
[EventCountry "GER"]
[EventRounds "9"]
[EventType "swiss"]
[EventDate "2004.05.29"]

1. Nf3 Nf6 2. c4 g6 3. g3 Bg7 4. Bg2 O-O 5. d4 d6 6. O-O Nbd7 7. Nc3 e5 8. e4
exd4 9. Nxd4 Re8 10. h3 a6 11. Rb1 Rb8 12. Be3 Ne5 13. b3 c5 14. Nde2 b5 15.
cxb5 axb5 16. Nf4 b4 17. Ncd5 Nfd7 18. Re1 h6 19. Nd3 Nc6 20. Nb2 Ba6 21. Nc4
Bxc4 22. bxc4 Ra8 23. Re2 Nd4 24. Bxd4 Bxd4 25. Nxb4 Bg7 26. Nc6 Qc8 27. Qxd6
Bf8 28. Qd5 Nf6 29. Qd1 Ra6 30. e5 Nh7 31. Rb8 Qe6 32. Bd5 Qd7 33. Rxe8 Qxe8
34. e6 1-0

[Event "DEM U16 2004"]
[Site "Willingen GER"]
[Date "2004.06.02"]
[Round "6"]
[White "Brener, Ilja"]
[Black "Siebarth, Raiko"]
[Result "0-1"]
[Termination "normal"]
[Board "3"]
[WhiteElo "2263"]
[BlackElo "2123"]
[PlyCount "90"]
[WhiteFideId "4688201"]
[BlackFideId "4674766"]
[EventCountry "GER"]
[EventRounds "9"]
[EventType "swiss"]
[EventDate "2004.05.29"]

1. d4 Nf6 2. c4 g6 3. Nc3 Bg7 4. e4 d6 5. f3 O-O 6. Be3 a6 7. Bd3 Nbd7 8. Nge2
c5 9. d5 Ne5 10. f4 Nfg4 11. Bg1 Nxd3+ 12. Qxd3 f5 13. h3 fxe4 14. Qxe4 Nf6 15.
Qf3 b5 16. Be3 bxc4 17. Rd1 Rb8 18. Rd2 Bb7 19. f5 Nd7 20. Qe4 Rxf5 21. Qxc4
Ne5 22. Qa4 Bc8 23. a3 Qd7 24. Qe4 Rf7 25. Bf4 Qf5 26. Qxf5 Bxf5 27. Bxe5 Bxe5
28. O-O Bd7 29. Rxf7 Kxf7 30. Kf2 Bb5 31. Nd1 Bxe2 32. Kxe2 Bd4 33. Kd3 e6 34.
Kc4 e5 35. Nc3 Ke7 36. g3 Rf8 37. Ne4 h6 38. Re2 Rf3 39. Re1 Bxb2 40. Rb1 Re3
41. Rxb2 Rxe4+ 42. Kd3 Rd4+ 43. Ke3 Rxd5 44. Rb7+ Ke6 45. Ra7 c4 0-1

[Event "DEM U16 2004"]
[Site "Willingen GER"]
[Date "2004.06.02"]
[Round "6"]
[White "Zebisch, Paul"]
[Black "Lieder, Konrad"]
[Result "1/2-1/2"]
[Termination "normal"]
[Board "5"]
[WhiteElo "1987"]
[BlackElo "2087"]
[PlyCount "54"]
[WhiteFideId "24601535"]
[BlackFideId "4692721"]
[EventCountry "GER"]
[EventRounds "9"]
[EventType "swiss"]
[EventDate "2004.05.29"]

1. e4 c5 2. Nf3 e6 3. d4 cxd4 4. Nxd4 Nf6 5. Nc3 Nc6 6. Be3 Bb4 7. Bd3 d5 8.
exd5 Nxd5 9. Nxc6 bxc6 10. Bd2 Nxc3 11. bxc3 Bd6 12. O-O Qh4 13. g3 Qf6 14. Rb1
O-O 15. Qe2 e5 16. Qe4 g6 17. Qxc6 Bh3 18. Rfe1 Rac8 19. Qe4 Qe6 20. c4 f5 21.
Qe2 Qd7 22. c5 Qc6 23. Be4 Qxe4 24. Qxe4 fxe4 25. cxd6 Rxc2 26. Be3 Rxa2 27.
Ra1 Rxa1 1/2-1/2

[Event "DEM U16 2004"]
[Site "Willingen GER"]
[Date "2004.06.02"]
[Round "6"]
[White "Bäumler, Ilja"]
[Black "Lutz, Dieter"]
[Result "1-0"]
[Termination "normal"]
[Board "6"]
[WhiteElo "2163"]
[BlackElo "2153"]
[PlyCount "93"]
[WhiteFideId "4681070"]
[BlackFideId "4667565"]
[EventCountry "GER"]
[EventRounds "9"]
[EventType "swiss"]
[EventDate "2004.05.29"]

1. e4 c5 2. c3 d5 3. exd5 Qxd5 4. d4 Nf6 5. Nf3 Bg4 6. dxc5 Qxd1+ 7. Kxd1 e5 8.
b4 e4 9. h3 Bh5 10. g4 Nxg4 11. hxg4 Bxg4 12. Nbd2 exf3 13. Bd3 Nd7 14. Re1+
Be7 15. Nc4 Be6 16. Na5 Bf6 17. Kc2 b6 18. Nb7 bxc5 19. bxc5 O-O 20. Be4 Rac8
21. c6 Ne5 22. Ba3 Rfe8 23. Nd6 Nc4 24. Nxc4 Bxc4 25. Bxf3 Red8 26. Bb4 Bg5 27.
Rad1 Rxd1 28. Kxd1 Bb5 29. Re5 Ba4+ 30. Ke2 h6 31. Rc5 Be7 32. Ra5 Bxb4 33.
Rxa4 Bc5 34. Rc4 Bb6 35. Bg4 Re8+ 36. Kf3 Bc7 37. Bd7 Rb8 38. a4 a5 39. Ke4 Kf8
40. Kd5 Ke7 41. Re4+ Kf6 42. Re3 g6 43. Be8 Bf4 44. Rf3 g5 45. Bd7 Ke7 46. Rxf4
gxf4 47. c7 1-0

[Event "DEM U16 2004"]
[Site "Willingen GER"]
[Date "2004.06.02"]
[Round "6"]
[White "Behm, Simon"]
[Black "Abel, Dennes"]
[Result "1-0"]
[Termination "normal"]
[Board "7"]
[WhiteElo "2071"]
[BlackElo "2143"]
[PlyCount "81"]
[WhiteFideId "4691962"]
[BlackFideId "24605417"]
[EventCountry "GER"]
[EventRounds "9"]
[EventType "swiss"]
[EventDate "2004.05.29"]

1. d4 Nf6 2. c4 g6 3. Nc3 d5 4. cxd5 Nxd5 5. e4 Nxc3 6. bxc3 Bg7 7. Bc4 c5 8.
Ne2 O-O 9. O-O Nc6 10. Be3 Bg4 11. f3 Na5 12. Bd3 cxd4 13. cxd4 Be6 14. d5 Bxa1
15. Qxa1 f6 16. Bh6 Re8 17. Kh1 Rc8 18. Nf4 Bd7 19. e5 Nc4 20. e6 Ba4 21. Nxg6
hxg6 22. Bxg6 Ne5 23. Be4 Bc2 24. Bxc2 Rxc2 25. Qd1 Qc7 26. f4 Rc1 27. Qxc1
Qxc1 28. Rxc1 Ng4 29. h3 Nxh6 30. g4 Rb8 31. Rc7 Kf8 32. Kg2 a6 33. Kf3 b5 34.
Ra7 Rb6 35. Ke3 b4 36. Kd4 b3 37. axb3 Rxb3 38. Ra8+ Kg7 39. d6 Rb7 40. d7 Nf7
41. Kc5 1-0

[Event "DEM U16 2004"]
[Site "Willingen GER"]
[Date "2004.06.02"]
[Round "6"]
[White "Krug, Kevin"]
[Black "Müller, Philipp"]
[Result "1-0"]
[Termination "normal"]
[Board "8"]
[WhiteElo "2066"]
[BlackElo "1785"]
[PlyCount "65"]
[WhiteFideId "24609110"]
[BlackFideId "24620262"]
[EventCountry "GER"]
[EventRounds "9"]
[EventType "swiss"]
[EventDate "2004.05.29"]

1. e4 g6 2. d4 d6 3. Be3 Nf6 4. Nc3 c6 5. Qd2 b5 6. f3 Nbd7 7. d5 cxd5 8. Bxb5
dxe4 9. Bc6 Rb8 10. Bxa7 Rxb2 11. Na4 Rxc2 12. Qxc2 Qa5+ 13. Qc3 Qxa7 14. Bb5
Kd8 15. Rc1 Nc5 16. Nxc5 dxc5 17. Qxc5 Qxc5 18. Rxc5 exf3 19. Nxf3 e6 20. Rc2
Ba3 21. Ne5 Ke7 22. O-O Bb7 23. Rc7+ Kd6 24. Rxb7 Kxe5 25. Rxf7 Ne4 26. Bd3 Nc3
27. Bc4 h5 28. Re1+ Kd4 29. Rf4+ Kc5 30. Bxe6 Kb6 31. Rc4 Bc5+ 32. Kh1 Nb5 33.
Rb1 1-0

[Event "DEM U16 2004"]
[Site "Willingen GER"]
[Date "2004.06.02"]
[Round "6"]
[White "Ratkovitch, Dimitri"]
[Black "Klaus, Christian"]
[Result "1/2-1/2"]
[Termination "normal"]
[Board "9"]
[WhiteElo "2099"]
[BlackElo "2061"]
[PlyCount "87"]
[WhiteFideId "24608050"]
[BlackFideId "4696395"]
[EventCountry "GER"]
[EventRounds "9"]
[EventType "swiss"]
[EventDate "2004.05.29"]

1. e4 d6 2. d4 Nf6 3. Nc3 c6 4. Be3 Qb6 5. Rb1 Ng4 6. Bg5 e5 7. Nf3 h6 8. Bh4
Nd7 9. h3 Ngf6 10. Be2 Be7 11. O-O O-O 12. Bg3 Qc7 13. a4 a6 14. Nh4 Re8 15.
Re1 b5 16. axb5 cxb5 17. Bf3 Bb7 18. Na2 Rac8 19. c3 Bf8 20. d5 Nc5 21. Qd2 g6
22. Bh2 Qd8 23. g3 Kh7 24. Ng2 Qd7 25. g4 Be7 26. Bg3 Qd8 27. Nc1 Nfd7 28. h4
Nb6 29. Nd3 Bf6 30. Nxc5 Rxc5 31. Be2 Kg7 32. f3 Na4 33. Bf2 Rc8 34. Rec1 Nc5
35. Qd1 Qe7 36. Kh1 Rh8 37. b4 Nd7 38. c4 bxc4 39. Bxc4 Rc7 40. Qb3 Rhc8 41.
Rc2 Rb8 42. Qa4 Rbc8 43. Rbc1 Nb8 44. Bb6 1/2-1/2

[Event "DEM U16 2004"]
[Site "Willingen GER"]
[Date "2004.06.02"]
[Round "6"]
[White "Rehberg, Raphael"]
[Black "Bubolz, Konstantin"]
[Result "1-0"]
[Termination "normal"]
[Board "10"]
[WhiteElo "2056"]
[BlackElo "2015"]
[PlyCount "45"]
[WhiteFideId "4686799"]
[BlackFideId "24610194"]
[EventCountry "GER"]
[EventRounds "9"]
[EventType "swiss"]
[EventDate "2004.05.29"]

1. e4 e6 2. d4 d5 3. Nc3 Bb4 4. e5 c5 5. Bd2 Ne7 6. dxc5 O-O 7. Qg4 Nbc6 8. Nf3
Ng6 9. Bd3 f5 10. exf6 e5 11. Qh5 e4 12. Ng5 Rxf6 13. Ncxe4 dxe4 14. Bc4+ Kf8
15. Nxh7+ Ke8 16. O-O-O Bxd2+ 17. Rxd2 Qe7 18. Nxf6+ Qxf6 19. Rd6 Qf4+ 20. Kb1
Nce5 21. Rxg6 Nxg6 22. Qxg6+ Kf8 23. Re1 1-0